000 00409nam a22001697a 4500
999 _c11154
_d11154
003 OSt
008 220415b ||||| |||| 00| 0 eng d
020 _a9781853260988
082 _a823
100 _aHARDY, Thomas
245 _aMayor of Casterbridge
260 _bWordsworth Classics
_c2001
300 _a270
650 _aMayor of Casterbridge (English
700 _aIRWIN, Michael
942 _2ddc
_cBK
_04